000 00575nam a2200193Ia 4500
003 GCL
008 140319s9999 xx 000 0 ara d
040 _aGCL /
_cGCL
082 0 4 _a813.01
_bس ك
100 1 _aسعد مكاوى
245 1 0 _aكلمات فى المدن النائمة /
_cسعد مكاوى
260 _a[S.N] :
_bالهيئة المصرية العامة للكتاب ،
_c1989
300 _a273 ص
490 _aقصص عربية
_v0
650 0 4 _aالادب العربى
650 0 4 _aالقصص القصيرة
650 0 4 _aمصر
942 _2ddc
_cBK
999 _c28071
_d28071